| 000 | 00692nam a22002297a 4500 | ||
|---|---|---|---|
| 005 | 20170124105914.0 | ||
| 010 | _aA-089912 | ||
| 020 |
_c£18.00 _a0521221978 |
||
| 035 | _aA-089912 | ||
| 037 | _bCen Lib/Ret | ||
| 040 |
_aDPL _bEN |
||
| 082 |
_a301.3 _bHOL |
||
| 100 |
_aHoldgate, M. W. _91777 |
||
| 245 |
_aA perspective of environment pollution / _cby M. W. Holdgate |
||
| 260 |
_aLondon _bCambridge University Press _c1979 |
||
| 270 |
_aBentley House, 200 Euston Road _bLondon |
||
| 300 |
_ax, 278p. _c23cm(Hb) |
||
| 500 | _aIncludes bibliographical reference and index | ||
| 650 |
_aEcology _9155 |
||
| 650 |
_aPollution _91778 |
||
| 942 |
_2ddc _cEN _h301.3 _mHOL |
||
| 999 |
_c122697 _d122697 |
||